000 01152nam a2200217Ia 4500
003 Ost
005 20260507074841.0
008 260507s9999||||xx |||||||||||||| ||und||
020 _a9789957327682
040 _cfsecg
041 _aara
100 _aالجبوري، يعرب محمود إبراهيم
_eمؤلف
245 0 _aدور المصارف الإسلامية في التمويل والاستثمار:دراسة فقهية تطبيقية على المصارف الإسلامية العاملة في الأردن /
_c يعرب محمود إبراهيم الجبوري
260 _aعمان:
_bدار الحامد للنشر والتوزيع,
_c2014
300 _a242 صفحة؛
_bإيضاحات ؛
_c24 سم
504 _aببليوغرافيا: 223-242
520 _aيضم تعريف بالمصارف الإسلامية في التمويل والاستثمار، مصادر واستخدامات الأموال في المصارف الإسلامية، إدارة وتنظيم الاستثمارت في المصارف الإسلامية
653 _aالاستثمار
653 _aالبنوك الاسلامية
942 _cكتاب
999 _c41520
_d41520